00803fam a2200253 a 4500001000800000005001700008008004100025010001700066020001500083035002000098035002300118035001700141040003000158050002000188245009500208250001200303260006200315300004800377504005100425650001300476650002100489650001800510700002100528406055120161202153327.0990520s2000 njua b 001 0 eng c a 99033333  a0805331840 a(OCoLC)41452702 a(OCoLC)ocm41452702 a(NNC)4060551 aDNLM/DLCcDLCdDLCdNNC-M00aRT 41 .K72 200000aFundamentals of nursing :bconcepts, process, and practice /cBarbara Kozier ... [et al.]. a6th ed. aUpper Saddle River, N.J. :bPrentice Hall Health,cc2000. axxiv, 1479 p. :bill. (some col.) ;c28 cm. aIncludes bibliographical references and index. 0aNursing.12aNursing Process.22aNursing Care.1 aKozier, Barbara.